000
00331nam a22001577a 4500
003
SGT
020
_a
97889390619696
082
_a
615
_b
O23P
100
_a
PATEL RANJAN K.
245
_a
ONE TOUCH PHARMACOLOGY
250
_a
1ST
260
_a
INDIA
_b
CBS PUB
_c
2023
300
_a
135
650
_a
PHARMACOLOGY
942
_2
ddc
_c
BK
999
_c
26845
_d
26845